[Event "69th Moscow Blitz"]
[Site "Moscow RUS"]
[Date "2015.09.06"]
[Round "18.2"]
[White "Vavulin, Maksim"]
[Black "Sychev, Klementy"]
[Result "1-0"]
[WhiteTitle "IM"]
[BlackTitle "IM"]
[WhiteElo "2441"]
[BlackElo "2414"]
[WhiteFideId "4169530"]
[BlackFideId "4114060"]
[EventDate "2015.09.06"]
[EventType "blitz"]

1. e4 e5 2. Bc4 Nf6 3. d3 Nc6 4. Nc3 Be7 5. Nge2 d6 6. a3 O-O 7. O-O Bg4 8. h3
Bh5 9. Qe1 Bg6 10. f4 exf4 11. Nxf4 Ne5 12. Ba2 Nc6 13. Qf2 Qd7 14. Bd2 Rae8 15.
Rae1 Kh8 16. Ncd5 Nxd5 17. exd5 Nd8 18. Bc3 a6 19. Qg3 b5 20. Rf3 Nb7 21. Ref1
Kg8 22. Nh5 f6 23. Nf4 Bf7 24. Ne6 Bxe6 25. dxe6 Qc6 26. Rxf6 Qb6+ 27. Kh2 Rxf6
28. Rxf6 Bxf6 29. Bxf6 g6 30. e7+ 1-0

[Event "69th Moscow Blitz"]
[Site "Moscow RUS"]
[Date "2015.09.06"]
[Round "18.5"]
[White "Dubov, Daniil"]
[Black "Demidov, Mikhail"]
[Result "1/2-1/2"]
[WhiteTitle "GM"]
[BlackTitle "IM"]
[WhiteElo "2661"]
[BlackElo "2497"]
[WhiteFideId "24126055"]
[BlackFideId "4197143"]
[EventDate "2015.09.06"]
[EventType "blitz"]

1. Nf3 d5 2. g3 Bg4 3. Bg2 Nd7 4. O-O c6 5. d3 e5 6. h3 Bxf3 7. Bxf3 Ngf6 8. Bg2
Bd6 9. e4 dxe4 10. dxe4 Qe7 11. Nd2 O-O 12. Qe2 Nc5 13. Nc4 Bc7 14. a4 Ne6 15.
c3 g6 16. b3 Rfd8 17. Ba3 Qe8 18. h4 a6 19. a5 Rd7 20. Qf3 Kg7 21. Rad1 Rad8 22.
b4 Rxd1 23. Rxd1 Rxd1+ 24. Qxd1 Qd7 25. Qe2 Ne8 26. Bh3 f6 27. Ne3 Nd6 28. Qa2
Kf7 29. Qc2 Bb8 30. Qd2 Ke7 31. Qc2 Ba7 32. Bc1 Qd8 33. Kg2 Nc7 34. Nf1 Qg8 35.
Nd2 Qf7 36. c4 Ne6 37. Ba3 Nd4 38. Qd3 Bb8 39. b5 axb5 40. cxb5 Nxb5 41. Bc5 Qa2
42. Nc4 Bc7 43. Bc8 Qa4 44. Bxb7 Kd7 45. Bxd6 Nxd6 46. Nxd6 Bxd6 47. a6 Kc7 48.
Qe3 Qd4 49. Qe2 Bc5 50. Qc2 Kd6 51. a7 Bxa7 52. Qxc6+ Ke7 53. Qc7+ Kf8 54. Qc8+
Kg7 55. Qc7+ Kh6 56. Qc1+ Kg7 57. Qc7+ Kh6 1/2-1/2

[Event "69th Moscow Blitz"]
[Site "Moscow RUS"]
[Date "2015.09.06"]
[Round "18.7"]
[White "Zvjaginsev, Vadim"]
[Black "Riazantsev, Alexander"]
[Result "1/2-1/2"]
[WhiteTitle "GM"]
[BlackTitle "GM"]
[WhiteElo "2660"]
[BlackElo "2646"]
[WhiteFideId "4113403"]
[BlackFideId "4125029"]
[EventDate "2015.09.06"]
[EventType "blitz"]

1. e4 c6 2. c4 d5 3. exd5 cxd5 4. cxd5 Nf6 5. Nc3 Nxd5 6. Nf3 Nc6 7. Bb5 Nc7 8.
Bxc6+ bxc6 9. O-O g6 10. Qa4 Bg7 11. Qxc6+ Bd7 12. Qe4 Bf5 13. Qc6+ Bd7 14. Qe4
Bf5 15. Qc6+ 1/2-1/2

[Event "69th Moscow Blitz"]
[Site "Moscow RUS"]
[Date "2015.09.06"]
[Round "18.10"]
[White "Inarkiev, Ernesto"]
[Black "Onischuk, Alexander"]
[Result "1/2-1/2"]
[WhiteTitle "GM"]
[BlackTitle "GM"]
[WhiteElo "2660"]
[BlackElo "2662"]
[WhiteFideId "4162722"]
[BlackFideId "14101025"]
[EventDate "2015.09.06"]
[EventType "blitz"]

1. d4 Nf6 2. Nf3 e6 3. c4 d5 4. g3 Be7 5. Bg2 O-O 6. O-O dxc4 7. Qc2 a6 8. a4
Bd7 9. Qxc4 Bc6 10. Rd1 Bd5 11. Qc3 Nbd7 12. Bf4 c5 13. dxc5 Nxc5 14. Nbd2 Rc8
15. Qd4 Nb3 16. Nxb3 Bxb3 17. Qxd8 Rfxd8 18. Rxd8+ Rxd8 19. Be5 Rd1+ 20. Rxd1
Bxd1 21. a5 Nd5 22. Nd4 Bb4 23. e4 Ne7 24. Bc7 Kf8 25. e5 Nd5 26. Bxd5 exd5 27.
Nf5 Bd2 28. Bd6+ Ke8 29. b4 g6 30. Nd4 Bc3 31. Bc5 1/2-1/2

[Event "69th Moscow Blitz"]
[Site "Moscow RUS"]
[Date "2015.09.06"]
[Round "19.1"]
[White "Onischuk, Alexander"]
[Black "Grachev, Boris"]
[Result "1/2-1/2"]
[WhiteTitle "GM"]
[BlackTitle "GM"]
[WhiteElo "2662"]
[BlackElo "2649"]
[WhiteFideId "14101025"]
[BlackFideId "4129199"]
[EventDate "2015.09.06"]

1. d4 d5 2. c4 e6 3. Nc3 Nf6 4. cxd5 exd5 5. Bg5 c6 6. e3 Bf5 7. Qf3 Bg6 8. Bxf6
Qxf6 9. Qxf6 gxf6 10. Kd2 Nd7 11. Bd3 Nb6 12. Nge2 Bd6 13. g3 a5 14. Nf4 Kd7 15.
h4 Bxf4 16. gxf4 Bxd3 17. Kxd3 Rhg8 18. Rhg1 h5 19. f3 a4 20. e4 Rae8 21. f5 Kd6
22. b3 Ra8 23. Rxg8 Rxg8 24. Nxa4 dxe4+ 25. fxe4 Rg3+ 26. Ke2 Nxa4 27. bxa4 Ra3
28. Rb1 Kc7 29. Rb4 Rxa2+ 30. Kf3 Ra3+ 31. Kf2 Rh3 32. d5 cxd5 33. exd5 Rd3 34.
Rb5 Rd4 35. a5 Rxh4 36. d6+ Kxd6 37. Rxb7 Ra4 38. Rxf7 Ke5 39. Rh7 h4 40. a6
Kxf5 41. a7 Kg5 42. Kg2 Ra2+ 43. Kh3 Ra3+ 44. Kg2 f5 45. Rg7+ Kf4 46. Rh7 Ra2+
47. Kh3 Ra1 48. Kg2 Kg4 49. Rg7+ Kf4 50. Rh7 Ra2+ 51. Kh3 Ra1 52. Kg2 Ke3 53.
Re7+ Kd3 54. Rf7 Ke4 55. Re7+ Kf4 56. Rh7 Kg5 57. Rg7+ Kh6 58. Rc7 Ra3 59. Rf7
Kg6 60. Rc7 Kg5 61. Rg7+ Kf4 62. Rh7 Ra2+ 63. Kh3 Ra1 64. Kg2 Kg5 65. Rg7+ Kh6
66. Rc7 Ra3 67. Rf7 Kg6 68. Rc7 f4 69. Rd7 h3+ 70. Kh2 Kg5 71. Rg7+ Kf5 72. a8=Q
Rxa8 73. Kxh3 Ra2 74. Re7 Rd2 75. Re8 Rc2 76. Re7 Rb2 77. Re8 Ra2 78. Re7 Kg5
79. Re8 Rb2 80. Re7 Rc2 81. Re8 Kf5 82. Re7 Rb2 83. Re8 Rf2 84. Re7 Kf6 85. Re8
Kg5 86. Re5+ Kf6 87. Ra5 1/2-1/2

[Event "69th Moscow Blitz"]
[Site "Moscow RUS"]
[Date "2015.09.06"]
[Round "19.4"]
[White "Riazantsev, Alexander"]
[Black "Novikov, Stanislav"]
[Result "1-0"]
[WhiteTitle "GM"]
[BlackTitle "GM"]
[WhiteElo "2646"]
[BlackElo "2536"]
[WhiteFideId "4125029"]
[BlackFideId "4125371"]
[EventDate "2015.09.06"]

1. d4 Nf6 2. c4 c5 3. d5 e6 4. Nc3 exd5 5. cxd5 Bd6 6. Nf3 O-O 7. Bg5 Bc7 8. d6
Ba5 9. Nd2 h6 10. Bh4 Bxc3 11. bxc3 Re8 12. e3 b6 13. Be2 Bb7 14. O-O Re6 15.
Nc4 Qe8 16. Qc2 Nc6 17. a4 Ne4 18. Rad1 g5 19. Bg3 Nxg3 20. hxg3 Ne5 21. f4 Nxc4
22. Bxc4 Be4 23. Qa2 Kg7 24. Bxe6 fxe6 25. c4 Qh5 26. Qb2+ Kg8 27. Qe5 Bc6 28.
e4 Rf8 29. fxg5 Qxg5 30. Rxf8+ Kxf8 31. Rf1+ Kg8 32. Qxg5+ hxg5 33. e5 Bxa4 34.
Ra1 Bc6 35. Rxa7 b5 36. Rc7 1-0

[Event "69th Moscow Blitz"]
[Site "Moscow RUS"]
[Date "2015.09.06"]
[Round "19.6"]
[White "Demidov, Mikhail"]
[Black "Kobalia, Mikhail"]
[Result "1/2-1/2"]
[WhiteTitle "IM"]
[BlackTitle "GM"]
[WhiteElo "2497"]
[BlackElo "2632"]
[WhiteFideId "4197143"]
[BlackFideId "4119150"]
[EventDate "2015.09.06"]

1. d4 d5 2. Nf3 Nf6 3. Bf4 Bf5 4. e3 e6 5. Bd3 Bxd3 6. Qxd3 Bd6 7. Bxd6 cxd6 8.
O-O O-O 9. c4 dxc4 10. Qxc4 Nc6 11. Nbd2 Rc8 12. Qb3 Na5 13. Qa4 Qb6 14. h3 h6
15. b3 d5 16. Rac1 Rc7 17. Rxc7 Qxc7 18. b4 Nc6 19. Rc1 Qb6 20. b5 Ne7 21. Qb4
Rc8 22. Rxc8+ Nxc8 23. a4 Nd7 24. Qc3 Nd6 25. Ne5 Nxe5 26. dxe5 Nc4 27. Nb3 a6
28. Qd4 Qc7 29. f4 axb5 30. axb5 b6 31. Kf2 Qa7 32. Qd3 Qa2+ 33. Kg3 g6 34. e4
Qa3 35. exd5 exd5 36. Qf3 Qb4 37. Nd4 Qc5 38. Qd3 Nb2 39. Qd2 Nc4 40. Qd3 Nb2
41. Qd2 Nc4 42. Qd3 Nb2 43. Qd2 Nc4 1/2-1/2

[Event "69th Moscow Blitz"]
[Site "Moscow RUS"]
[Date "2015.09.06"]
[Round "19.9"]
[White "Sychev, Klementy"]
[Black "Najer, Evgeniy"]
[Result "1-0"]
[WhiteTitle "IM"]
[BlackTitle "GM"]
[WhiteElo "2414"]
[BlackElo "2658"]
[WhiteFideId "4114060"]
[BlackFideId "4118987"]
[EventDate "2015.09.06"]

1. d4 d5 2. c4 dxc4 3. e4 Nc6 4. Nf3 Bg4 5. d5 Ne5 6. Bf4 Ng6 7. h3 e5 8. Be3
Bd7 9. Nbd2 Nf6 10. Bxc4 Bd6 11. O-O O-O 12. Bd3 Nh5 13. Nc4 Nhf4 14. Bc2 Bb5
15. Nfd2 Bb4 16. b3 c6 17. a4 Ba6 18. dxc6 bxc6 19. Nf3 Qe7 20. g3 Rfd8 21. Qb1
Ne2+ 22. Kg2 Rab8 23. Bd3 Nd4 24. Bxd4 exd4 25. Qc2 Bc3 26. Rad1 Qb4 27. Rb1 Nf8
28. e5 h6 29. Nh2 Ne6 30. f4 Nc5 31. Ng4 Nxb3 32. Nd6 Bxd3 33. Qxd3 Nc5 34. Qf5
Qa3 35. Qxf7+ Kh8 36. Qg6 Qa2+ 37. Kf3 Qd5+ 38. Kf2 d3 1-0